00928nam a2200241Ia 4500001000600000003000900006008004100015040001300056040001300069041001300082100001800095100002900113245006400142245007700206250001100283260001100294260002200305260004900327300005700376500020600433650001600639650003100655G5173IT-RoPAU130308s9999 xx 000 0 und d aIT-RoPAU cIT-RoPAU aITALIANO aGavioli Laura gCodice Aut. SPICS: 54989 aAlcuni meccanismi di base dell'analisi della conversazione bConversazione (La). Un'Introduzione Allo Studio dell'Interazione Verbale a1a ed. aMILANO bCortina Raffaello c1999 [1° Ed.:1999 - Ed.Ling.Originale:1999] a"23 p. (prefazione: no ; testo: 23 [pagine: 43-65])" aSistema di Alternanza dei Turni. Turni Estesi. Coppie Adiacenti e Concettodi rilevanza Condizionale. Concetto di preferenza e Rimedio. Meccanismi Conversazionali e Contesto Sociale: ruoli dei Parlanti. aLINGUISTICA eCodice materia Spics: 3201